000 00434cam a2200169ua 4500
020 _c2.00
041 _amal
_h
082 _a370.1
_bMAS/VI
100 _aMasruvala, K G .
245 _aVidhyabhasathinte vikasam /
_cK G Masruvala.
_hTextual Documents
260 _aKottayam :
_bSahitya Pravarthaka Co-operative Society ,
_c1959.
300 _a181 ; .
365 _a2.00
504 _a
942 _cBK
999 _c5966
_d5966